| 000 | 00368nam a2200157Ia 4500 | ||
|---|---|---|---|
| 008 | 230524s9999 xx 000 0 und d | ||
| 082 |
_a621.402 _bBER |
||
| 100 | _aM.S.Berde | ||
| 245 | 0 | _aThyristor Engineering | |
| 250 | _a9TH | ||
| 260 |
_aNEW DELHI _bKhanna _c2001 |
||
| 300 | _aXVI;732 | ||
| 500 | _aQuantity Number: 4 | ||
| 650 | _aElectronics | ||
| 942 | _cBK | ||
| 999 |
_c26134 _d26134 |
||